| 000 | 00783nam a2200241 4500 | ||
|---|---|---|---|
| 001 | 109298 | ||
| 003 | ES-MaACL | ||
| 005 | 20250905163513.0 | ||
| 007 | t| | ||
| 008 | 061121s1979 sp r ||||1| spa d | ||
| 100 | 1 |
_aMuggeridge, Malcolm. _984056 |
|
| 245 | 1 | 0 |
_aMadre Teresa de Calcuta / _cMalcolm Muggeridge ; traducción de José María de Llanos. |
| 250 | _a3ª ed. | ||
| 260 |
_aMadrid : _bSígueme, _c1979. |
||
| 300 |
_a114 p., 4 lám. ; _c19 cm. |
||
| 490 | 1 |
_aTestigos del hombre ; _v17 |
|
| 600 | 0 | 4 |
_aTeresa de Calcuta, _cMadre, _cBeata, _d1910-1997 _9109737 |
| 610 | 2 | 0 |
_aMisioneras de la Caridad. _95725 |
| 700 | 1 |
_aLlanos, José María de. _972709 |
|
| 830 | 1 |
_aTestigos del hombre ; _v17 _9183342 |
|
| 852 |
_aES-MaACL _jA-10464 |
||
| 999 |
_c109298 _d109298 |
||